00557nam a22001937a 45000050016000000100029000160200026000450350027000710370013000980370012001110820015001231000015001382450041001532600040001942700053002343000032002875000041003197000003003602011081205465.0 aENG-103296 B-464581-585 c650.00a9788179102466 aEN-86829 B-464581-585 bDBAD/PUB bRBC/Ven a664.001579 aModi, H.A. aFood microorganisms /cby H.A. Modi aJaipurbAavishkar Publishers c2008 a807, Vyas Building, Chaura RastabJaipure302003 axv,200p. :c23cm (Hb)bill. aIncludes bibliographical references